Southville International School and Colleges
Your cart is empty.
  • Cart
  • Lists
    Public lists Eva Luna New books Lux_list list_1
    Your lists Log in to create your own lists
  • Log in to your account
  • Your cookies
  • Search history
Southville International School and Colleges
  • Advanced search
  • Recent comments
  • Most popular
  • Libraries

Log in to your account

Log in with GOOGLE


If you do not have an external account, but do have a local account, you can still log in:

  1. Home
  2. MARC view: Invisible trade :
Normal view MARC view ISBD view

Invisible trade : (Record no. 118195)

[ view plain ]
MARC details
000 -LEADER
fixed length control field 00540nam a2200181Ia 4500
008 - FIXED-LENGTH DATA ELEMENTS--GENERAL INFORMATION
fixed length control field 140609s9999 xx 000 0 und d
020 ## - INTERNATIONAL STANDARD BOOK NUMBER
International Standard Book Number 9789810510336
050 ## - LIBRARY OF CONGRESS CALL NUMBER
Classification number HQ 115
Item number .L723 2004
100 ## - MAIN ENTRY--PERSONAL NAME
Personal name Lim, Gerrie.
245 ## - TITLE STATEMENT
Title Invisible trade :
Remainder of title high-class sex for sale in Singapore /
Statement of responsibility, etc Gerrie Lim
260 ## - PUBLICATION, DISTRIBUTION, ETC. (IMPRINT)
Place of publication, distribution, etc Singapore :
Name of publisher, distributor, etc Monsoon Books,
Date of publication, distribution, etc c2004.
300 ## - PHYSICAL DESCRIPTION
Extent 208 p. ;
Dimensions 20 cm.
500 ## - GENERAL NOTE
General note Includes bibliographical references.
521 ## - TARGET AUDIENCE NOTE
Target audience note
650 ## - SUBJECT ADDED ENTRY--TOPICAL TERM
Topical term or geographic name as entry element Male prostitution
General subdivision Singapore.
942 ## - ADDED ENTRY ELEMENTS (KOHA)
Call number prefix Foreign
Koha item type Books
Holdings
Withdrawn status Lost status Damaged status Home library Current library Shelving location Date acquired Cost, normal purchase price Total Checkouts Full call number Barcode Date last seen Price effective from Koha item type
      College Library College Library Fiction Section 06/09/2014 550.00   HQ 115 .L723 2004 C18483 05/08/2018 06/09/2014 Books

Invisible trade :

APA

Lim G., . (2004). Invisible trade. Singapore: Monsoon Books.

Chicago

Lim Gerrie, . 2004. Invisible trade. Singapore: Monsoon Books.

Harvard

Lim G., . (2004). Invisible trade. Singapore: Monsoon Books.

MLA

Lim Gerrie, . Invisible trade. Singapore: Monsoon Books. 2004.

  • Place hold
  • Print
  • Cite
  • Add to your cart (remove)
  • Save record
    BIBTEX Dublin Core MARCXML MARC (non-Unicode/MARC-8) MARC (Unicode/UTF-8) MARC (Unicode/UTF-8, Standard) MODS (XML) RIS
  • More searches
    Search for this title in:
    Other Libraries (WorldCat) Other Databases (Google Scholar) Online Stores (Bookfinder.com) Open Library (openlibrary.org)

Exporting to Dublin Core...

SOUTHVILLE LIBRARY

Southville International School and Colleges Library

1281 Tropical Ave. Cor. Luxembourg St., BF Homes International, Las Pinas City

Tel. No. 8256374 / 252358 Loc. 117/146

Powered by Koha